<?xml version="1.0" encoding="UTF-8"?>
<record
    xmlns:xsi="http://www.w3.org/2001/XMLSchema-instance"
    xsi:schemaLocation="http://www.loc.gov/MARC21/slim http://www.loc.gov/standards/marcxml/schema/MARC21slim.xsd"
    xmlns="http://www.loc.gov/MARC21/slim">

  <leader>00993nam a22001577a 4500</leader>
  <controlfield tag="008">150410b        xxu||||| |||| 00| 0 eng d</controlfield>
  <datafield tag="020" ind1=" " ind2=" ">
    <subfield code="a">9789930944370</subfield>
  </datafield>
  <datafield tag="082" ind1=" " ind2=" ">
    <subfield code="a">707</subfield>
    <subfield code="b">Ch 512d</subfield>
  </datafield>
  <datafield tag="100" ind1=" " ind2=" ">
    <subfield code="a">Chavarria Zamora, Maria Jose </subfield>
    <subfield code="9">2379</subfield>
  </datafield>
  <datafield tag="245" ind1=" " ind2=" ">
    <subfield code="a">Dis local:</subfield>
    <subfield code="b">Javier Calvo</subfield>
    <subfield code="c">Chavarria Zamora, Maria Jose (curadora), Mclver, Natasha (tr), Calvo, Javier (fot).</subfield>
  </datafield>
  <datafield tag="260" ind1=" " ind2=" ">
    <subfield code="a">San Jose, Costa Rica</subfield>
    <subfield code="b">Museo de Arte y Dise&#xF1;o Contemporaneo MADC</subfield>
    <subfield code="c">2013</subfield>
  </datafield>
  <datafield tag="300" ind1=" " ind2=" ">
    <subfield code="a">40 p.</subfield>
    <subfield code="b">ill. (col)</subfield>
    <subfield code="c">24 cm</subfield>
  </datafield>
  <datafield tag="505" ind1=" " ind2=" ">
    <subfield code="t">Disolver la imagen, un juego de poder</subfield>
    <subfield code="r">Fiorella Resenterra</subfield>
    <subfield code="t">Sobre Dis-local</subfield>
    <subfield code="r">Maria Jose Chavarria</subfield>
    <subfield code="t">Dis-local Centroamerica en la piel: Notas sociologicas sobre un arte epidermico</subfield>
    <subfield code="r">Sergio Villena</subfield>
    <subfield code="t">Dis-local: de la subjetividad individual a la conciencia regional. Manifiesto del artista centroamericano</subfield>
    <subfield code="r">Blanca Victoria Lopez</subfield>
  </datafield>
  <datafield tag="650" ind1=" " ind2=" ">
    <subfield code="x">Arte-catalogos</subfield>
    <subfield code="x">Museos</subfield>
    <subfield code="x">Arte contemporaneo</subfield>
    <subfield code="x">Bellas artes</subfield>
    <subfield code="9">2382</subfield>
  </datafield>
  <datafield tag="700" ind1=" " ind2=" ">
    <subfield code="a">Maria Jose Chavarria Zamora (curadora),  Natasha Mclver (tr), Javier Calvo (fot).</subfield>
    <subfield code="9">2383</subfield>
  </datafield>
  <datafield tag="999" ind1=" " ind2=" ">
    <subfield code="c">511</subfield>
    <subfield code="d">511</subfield>
  </datafield>
  <datafield tag="952" ind1=" " ind2=" ">
    <subfield code="0">0</subfield>
    <subfield code="1">0</subfield>
    <subfield code="2">ddc</subfield>
    <subfield code="4">0</subfield>
    <subfield code="7">0</subfield>
    <subfield code="a">LV</subfield>
    <subfield code="b">LV</subfield>
    <subfield code="c">Monograf&#xED;as</subfield>
    <subfield code="d">2015-04-10</subfield>
    <subfield code="l">0</subfield>
    <subfield code="o">707 Ch 512d</subfield>
    <subfield code="p">003958</subfield>
    <subfield code="r">2015-04-10 00:00:00</subfield>
    <subfield code="w">2015-04-10</subfield>
    <subfield code="y">01</subfield>
  </datafield>
</record>
